| 000 | 01377cam a2200361 a 4500 | ||
|---|---|---|---|
| 999 |
_c952 _d952 |
||
| 001 | 15506706 | ||
| 003 | OSt | ||
| 005 | 20191227153328.0 | ||
| 008 | 081031r20092007nyu j 000 1 eng | ||
| 010 | _a 2008046547 | ||
| 020 | _a9780141343402 | ||
| 035 | _a(OCoLC)ocn244065115 | ||
| 040 |
_aDLC _cDLC _dBTCTA _dBAKER _dBIB _dLIQ _dWL8 _dIHI _dEHH _dOCLCQ _dDLC |
||
| 042 |
_alcac _alcac |
||
| 043 |
_an-mx--- _acc----- |
||
| 082 | _aFIC HIG | ||
| 100 | 1 |
_aHigson, Charles, _d1958- _eauthor |
|
| 245 | 1 | 0 |
_aHurricane gold / _cCharlie Higson. |
| 260 |
_aLondon : _bPuffin, _c2012.. |
||
| 300 |
_a354 p. ; _c20 cm. |
||
| 440 |
_aYoung Bond ; _nbook 4. |
||
| 520 | _aFuture spy James Bond, a teenager in the 1930s, travels from hurricane-damaged Mexico to Lagrimas Negras, a Caribbean island containing a deadly obstacle course, as he tries to rescue two American children abducted by criminals. | ||
| 650 | 0 |
_aCriminals _vJuvenile fiction. |
|
| 650 | 0 | _aAdventure stories. | |
| 650 | 1 |
_aAdventure and adventurers _vFiction. |
|
| 650 | 1 |
_aCriminals _vFiction. |
|
| 651 | 0 |
_aCaribbean Area _xHistory _y1810-1945 _vJuvenile fiction. |
|
| 651 | 0 |
_aMexico _xHistory _y1910-1946 _vJuvenile fiction. |
|
| 651 | 1 |
_aMexico _xHistory _y1910-1946 _vFiction. |
|
| 651 | 1 |
_aCaribbean Area _xHistory _y1810-1945 _vFiction. |
|
| 906 |
_a7 _bcbc _corignew _d1 _eecip _f20 _gy-gencatlg |
||
| 942 |
_2ddc _cFIC |
||